00401nam a2200097Ia 45000010005000000080041000050820028000461000104000742450101001782600024002792645241024s9999 xx 000 0 und d aRD/370.97293/R426l/2008 aRepública Dominicana. Secretaría de Estado de Educación. Oficina de Planificación Educativa 0aLíneas Prioritarias y de alto Impacto durante los primeros 100 días de la Presente Gestión bSanto Domingoc2008